The FM skills crisis (Record no. 65855)

MARC details
000 -LEADER
fixed length control field 01143cam a2200241 4500
001 - CONTROL NUMBER
control field ABS63432
008 - FIXED-LENGTH DATA ELEMENTS--GENERAL INFORMATION
fixed length control field 000000n2001 000 0 eng u
035 ## - SYSTEM CONTROL NUMBER
System control number (Sirsi) u110455
100 ## - MAIN ENTRY--PERSONAL NAME
Personal name Bell, J.
245 #4 - TITLE STATEMENT
Title The FM skills crisis
260 ## - PUBLICATION, DISTRIBUTION, ETC.
Date of publication, distribution, etc. 2001
490 ## - SERIES STATEMENT
Series statement Facilities Management
Volume/sequential designation 8(4) January 2001, 10-11(2)
520 ## - SUMMARY, ETC.
Summary, etc. Examines concerns that under-investment in education and training in facilities management has created a skills crisis that could lead to increased wage costs and poses a threat to service delivery. Discusses the wider changes taking place within facilities management; the development of recognised standards and qualifications, including the role of the Property Services National Training Organisation (PSNTO); and efforts to make sense of what is described as a fragmented and contradictory education and training environment.
590 ## - LOCAL NOTE (RLIN)
Local note ABS
650 ## - SUBJECT ADDED ENTRY--TOPICAL TERM
Topical term or geographic name entry element CAREERS, EDUCATION AND TRAINING
650 ## - SUBJECT ADDED ENTRY--TOPICAL TERM
Topical term or geographic name entry element FACULTIES
650 ## - SUBJECT ADDED ENTRY--TOPICAL TERM
Topical term or geographic name entry element PSNTO
650 ## - SUBJECT ADDED ENTRY--TOPICAL TERM
Topical term or geographic name entry element RICS
650 ## - SUBJECT ADDED ENTRY--TOPICAL TERM
Topical term or geographic name entry element SKILLS SHORTAGES
650 ## - SUBJECT ADDED ENTRY--TOPICAL TERM
Topical term or geographic name entry element CAREERS, EDUCATION AND TRAINING
690 ## - LOCAL SUBJECT ADDED ENTRY--TOPICAL TERM (OCLC, RLIN)
Topical term or geographic name as entry element MANAGEMENT-FACILITIES MANAGEMENT
942 ## - ADDED ENTRY ELEMENTS (KOHA)
Suppress in OPAC 0
Holdings
Withdrawn status Lost status Source of classification or shelving scheme Damaged status Not for loan Home library Current library Shelving location Date acquired Total Checkouts Full call number Barcode Date last seen Copy number Price effective from Koha item type
    Dewey Decimal Classification     London London Journal article 19/01/2001   ABS63432 110455-1001 06/08/2019 1 06/08/2019 Journal article